[Event "George Trundle Reserves 2016"]
[Site "Auckland"]
[Date "2016.07.12"]
[Round "4.1"]
[White "Jia, Hao"]
[Black "Mukkattu, Philip"]
[Result "0-1"]
[LiveChessVersion "1.4.8"]
[BlackElo "1658"]
[WhiteElo "1930"]

1. e4 {[%clk 1:30:58]} c6 {[%clk 1:30:28]} 2. d4 {[%clk 1:31:13]} d5
{[%clk 1:30:55]} 3. e5 {[%clk 1:30:56]} Bf5 {[%clk 1:31:22]} 4. Nf3
{[%clk 1:31:04]} e6 {[%clk 1:30:52]} 5. Be2 {[%clk 1:31:26]} Ne7 {[%clk 1:29:13]}
6. O-O {[%clk 1:27:25]} h6 {[%clk 1:27:38]} 7. Be3 {[%clk 1:25:26]} Qb6
{[%clk 1:25:11]} 8. b3 {[%clk 1:21:44]} a5 {[%clk 1:16:14]} 9. Nbd2
{[%clk 1:15:39]} Na6 {[%clk 1:16:14]} 10. a3 {[%clk 1:10:55]} Bh7
{[%clk 1:08:24]} 11. c4 {[%clk 1:02:57]} Nf5 {[%clk 1:08:39]} 12. c5
{[%clk 1:01:45]} Nxe3 {[%clk 1:07:13]} 13. cxb6 {[%clk 0:50:11]} Nxd1
{[%clk 1:07:39]} 14. Rfxd1 {[%clk 0:50:21]} Be7 {[%clk 1:08:07]} 15. Rdc1
{[%clk 0:49:49]} Bd8 {[%clk 1:07:36]} 16. b4 {[%clk 0:48:54]} Bxb6
{[%clk 0:58:12]} 17. Nb3 {[%clk 0:44:51]} Nc7 {[%clk 0:52:03]} 18. Nc5
{[%clk 0:40:17]} axb4 {[%clk 0:41:34]} 19. axb4 {[%clk 0:39:39]} Bxc5
{[%clk 0:40:47]} 20. Rxa8+ {[%clk 0:35:31]} Nxa8 {[%clk 0:41:09]} 21. dxc5
{[%clk 0:35:46]} Kd7 {[%clk 0:39:16]} 22. b5 {[%clk 0:29:17]} cxb5
{[%clk 0:32:20]} 23. Bxb5+ {[%clk 0:28:44]} Ke7 {[%clk 0:32:46]} 24. Nd4
{[%clk 0:28:11]} Rc8 {[%clk 0:28:23]} 25. c6 {[%clk 0:03:12]} bxc6
{[%clk 0:28:48]} 26. Nxc6+ {[%clk 0:03:26]} Kf8 {[%clk 0:28:51]} 27. f3
{[%clk 0:03:52]} Nb6 {[%clk 0:27:20]} 28. Kf2 {[%clk 0:02:23]} f6
{[%clk 0:25:12]} 29. Re1 {[%clk 0:01:56]} Kf7 {[%clk 0:21:51]} 30. Nd4
{[%clk 0:01:43]} Nc4 {[%clk 0:15:26]} 31. f4 {[%clk 0:00:44]} Be4
{[%clk 0:14:35]} 32. Ra1 {[%clk 0:00:54]} fxe5 {[%clk 0:13:49]} 33. fxe5
{[%clk 0:01:21]} Nxe5 {[%clk 0:13:47]} 34. Ra6 {[%clk 0:01:13]} Bf5
{[%clk 0:11:48]} 35. h3 {[%clk 0:01:40]} h5 {[%clk 0:11:37]} 36. Kg3
{[%clk 0:01:44]} g5 {[%clk 0:10:22]} 37. Be2 {[%clk 0:01:17]} Rc3+
{[%clk 0:09:25]} 38. Kf2 {[%clk 0:01:17]} Nd3+ {[%clk 0:09:12]} 39. Bxd3
{[%clk 0:00:35]} Rxd3 {[%clk 0:09:15]} 40. Nf3 {[%clk 0:30:58]} Kf6
{[%clk 0:38:59]} 41. Ra8 {[%clk 0:27:25]} g4 {[%clk 0:37:37]} 0-1

[Event "George Trundle Reserves 2016"]
[Site "Auckland"]
[Date "2016.07.12"]
[Round "4.2"]
[White "Lyall, Simon"]
[Black "Punsalan, Vyanla M"]
[Result "0-1"]
[LiveChessVersion "1.4.8"]
[BlackElo "1649"]
[WhiteElo "1762"]

1. e4 {[%clk 1:30:55]} e5 {[%clk 1:28:09]} 2. Nf3 {[%clk 1:31:13]} Nc6
{[%clk 1:28:15]} 3. d4 {[%clk 1:31:35]} exd4 {[%clk 1:28:23]} 4. Nxd4
{[%clk 1:31:58]} Nf6 {[%clk 1:28:30]} 5. Nxc6 {[%clk 1:32:12]} bxc6
{[%clk 1:28:24]} 6. e5 {[%clk 1:32:22]} Nd5 {[%clk 1:28:16]} 7. c4
{[%clk 1:29:18]} Nb6 {[%clk 1:27:44]} 8. Nd2 {[%clk 1:20:16]} Be7
{[%clk 1:21:33]} 9. Bd3 {[%clk 1:19:06]} d5 {[%clk 1:15:28]} 10. O-O
{[%clk 1:15:15]} O-O {[%clk 1:14:14]} 11. Qc2 {[%clk 1:11:47]} h6
{[%clk 1:12:26]} 12. b3 {[%clk 1:10:08]} Nd7 {[%clk 1:08:52]} 13. Nf3
{[%clk 1:04:09]} Nc5 {[%clk 1:05:06]} 14. Bf5 {[%clk 0:59:35]} f6
{[%clk 0:58:09]} 15. Bh7+ {[%clk 0:50:00]} Kh8 {[%clk 0:54:17]} 16. Nh4
{[%clk 0:49:09]} f5 {[%clk 0:51:24]} 17. Nxf5 {[%clk 0:46:26]} Ne4
{[%clk 0:47:12]} 18. Nxe7 {[%clk 0:45:36]} Qxe7 {[%clk 0:47:23]} 19. Bxe4
{[%clk 0:43:01]} dxe4 {[%clk 0:47:41]} 20. Qxe4 {[%clk 0:41:06]} Bf5
{[%clk 0:47:57]} 21. Qxc6 {[%clk 0:38:30]} Qxe5 {[%clk 0:48:09]} 22. Ba3
{[%clk 0:36:54]} Rfe8 {[%clk 0:44:46]} 23. Qd5 {[%clk 0:32:40]} Qf6
{[%clk 0:43:09]} 24. Qf3 {[%clk 0:28:58]} Rad8 {[%clk 0:42:13]} 25. Rfe1
{[%clk 0:27:37]} Kh7 {[%clk 0:42:03]} 26. Rac1 {[%clk 0:26:05]} Rd3
{[%clk 0:41:08]} 27. Qf4 {[%clk 0:20:23]} Red8 {[%clk 0:39:48]} 28. h3
{[%clk 0:16:52]} Qg6 {[%clk 0:37:50]} 29. Re3 {[%clk 0:11:45]} Bxh3
{[%clk 0:27:02]} 30. Qg3 {[%clk 0:11:10]} Bg4 {[%clk 0:20:27]} 31. Rxd3
{[%clk 0:05:38]} Rxd3 {[%clk 0:19:40]} 32. f3 {[%clk 0:04:18]} h5
{[%clk 0:19:14]} 33. Kh2 {[%clk 0:03:21]} Qf6 {[%clk 0:14:18]} 34. Rc2
{[%clk 0:02:10]} Bf5 {[%clk 0:07:14]} 35. Bb2 {[%clk 0:00:57]} Qf7
{[%clk 0:06:25]} 36. Re2 {[%clk 0:00:53]} Bg6 {[%clk 0:06:07]} 37. Qe5
{[%clk 0:00:47]} Rd7 {[%clk 0:06:09]} 38. Rf2 {[%clk 0:00:51]} Re7
{[%clk 0:05:59]} 39. Qg3 {[%clk 0:01:02]} Re3 {[%clk 0:05:46]} 40. Bd4
{[%clk 0:31:01]} Rd3 {[%clk 0:36:02]} 41. Bxa7 {[%clk 0:30:51]} c6
{[%clk 0:35:17]} 42. Bb8 {[%clk 0:30:35]} Rd1 {[%clk 0:34:15]} 43. Be5
{[%clk 0:28:06]} Qf5 {[%clk 0:34:18]} 44. Qf4 {[%clk 0:26:32]} Qb1
{[%clk 0:33:56]} 45. Bd4 {[%clk 0:16:57]} Rh1+ {[%clk 0:33:59]} 46. Kg3
{[%clk 0:17:25]} h4+ {[%clk 0:34:16]} 47. Qxh4+ {[%clk 0:14:32]} Rxh4
{[%clk 0:34:39]} 48. Kxh4 {[%clk 0:14:55]} Qd3 {[%clk 0:33:20]} 49. Bb6
{[%clk 0:10:06]} Bf7 {[%clk 0:32:22]} 50. c5 {[%clk 0:08:39]} Qf5
{[%clk 0:32:03]} 51. g4 {[%clk 0:08:03]} g5+ {[%clk 0:31:59]} 52. Kg3
{[%clk 0:07:08]} Qf4+ {[%clk 0:32:19]} 53. Kh3 {[%clk 0:04:27]} Bd5
{[%clk 0:32:08]} 54. a4 {[%clk 0:04:46]} Bxf3 {[%clk 0:31:32]} 55. Rxf3
{[%clk 0:05:01]} Qxf3+ {[%clk 0:31:51]} 56. Kh2 {[%clk 0:05:26]} Qxb3
{[%clk 0:31:53]} 57. a5 {[%clk 0:05:54]} Qa3 {[%clk 0:32:14]} 58. Kg2
{[%clk 0:05:57]} Kg6 0-1

[Event "George Trundle Reserves 2016"]
[Site "Auckland"]
[Date "2016.07.12"]
[Round "4.3"]
[White "Braganza, Nadia"]
[Black "Eade, Don"]
[Result "0-1"]
[LiveChessVersion "1.4.8"]
[BlackElo "1837"]
[WhiteElo "1358"]

1. e4 {[%clk 1:30:56]} e5 {[%clk 1:25:53]} 2. Nf3 {[%clk 1:31:05]} Nc6
{[%clk 1:26:08]} 3. Bc4 {[%clk 1:30:57]} Bc5 {[%clk 1:25:49]} 4. d3
{[%clk 1:28:44]} d6 {[%clk 1:25:36]} 5. O-O {[%clk 1:23:58]} Bg4 {[%clk 1:24:24]}
6. h3 {[%clk 1:23:25]} Bh5 {[%clk 1:24:34]} 7. Nbd2 {[%clk 1:15:50]} g5
{[%clk 1:22:58]} 8. Nb3 {[%clk 1:09:15]} g4 {[%clk 1:19:39]} 9. hxg4
{[%clk 1:06:35]} Bxg4 {[%clk 1:19:17]} 10. Nxc5 {[%clk 1:04:52]} dxc5
{[%clk 1:19:15]} 11. c3 {[%clk 0:55:18]} Qd6 {[%clk 1:15:53]} 12. Bxf7+
{[%clk 0:51:41]} Kd7 {[%clk 1:13:51]} 13. Bd5 {[%clk 0:38:46]} Nge7
{[%clk 1:08:21]} 14. c4 {[%clk 0:21:11]} Raf8 {[%clk 1:03:09]} 15. Be3
{[%clk 0:10:48]} Bxf3 {[%clk 1:00:19]} 16. gxf3 {[%clk 0:10:22]} Qg6+
{[%clk 1:00:31]} 17. Kh1 {[%clk 0:09:21]} Qh5+ {[%clk 1:00:44]} 18. Kg2
{[%clk 0:09:25]} Rhg8+ {[%clk 1:01:04]} 19. Bxg8 {[%clk 0:09:18]} Rxg8+
{[%clk 1:01:27]} 20. Bg5 {[%clk 0:09:21]} Rxg5# {[%clk 1:01:46]} 0-1

[Event "George Trundle Reserves 2016"]
[Site "Auckland"]
[Date "2016.07.12"]
[Round "4.4"]
[White "Yan, Caroline"]
[Black "Taylor, Richard"]
[Result "0-1"]
[LiveChessVersion "1.4.8"]
[BlackElo "1866"]
[WhiteElo "1743"]

1. d4 {[%clk 1:30:58]} Nf6 2. c4 e6 {[%clk 1:30:29]} 3. Nc3 {[%clk 1:31:21]} Bb4
{[%clk 1:30:55]} 4. e3 {[%clk 1:31:40]} b6 {[%clk 1:31:06]} 5. Nf3
{[%clk 1:30:55]} Bb7 {[%clk 1:31:11]} 6. a3 {[%clk 1:30:00]} Bxc3+
{[%clk 1:31:10]} 7. bxc3 {[%clk 1:30:24]} O-O {[%clk 1:31:18]} 8. Be2
{[%clk 1:29:45]} c5 {[%clk 1:28:44]} 9. Rb1 {[%clk 1:26:56]} Ne4 {[%clk 1:25:52]}
10. Qc2 {[%clk 1:21:53]} f5 {[%clk 1:23:33]} 11. a4 {[%clk 1:16:54]} d6
{[%clk 1:18:32]} 12. Qd3 {[%clk 1:11:24]} Nxf2 {[%clk 1:14:34]} 13. Kxf2
{[%clk 1:07:14]} Be4 {[%clk 1:14:42]} 14. Qd2 {[%clk 1:06:26]} Bxb1
{[%clk 1:15:04]} 15. Ba3 {[%clk 1:04:53]} Be4 {[%clk 1:15:16]} 16. Rd1
{[%clk 1:04:48]} Nc6 {[%clk 1:13:14]} 17. d5 {[%clk 0:52:49]} exd5
{[%clk 1:10:49]} 18. cxd5 {[%clk 0:53:12]} Ne5 {[%clk 1:05:36]} 19. Nxe5
{[%clk 0:47:02]} dxe5 {[%clk 1:05:53]} 20. d6 {[%clk 0:45:10]} f4
{[%clk 1:02:26]} 21. Kg1 {[%clk 0:35:51]} f3 {[%clk 0:53:39]} 22. gxf3
{[%clk 0:31:07]} Qg5+ {[%clk 0:53:48]} 23. Kh1 {[%clk 0:31:04]} Rxf3 0-1

[Event "George Trundle Reserves 2016"]
[Site "Auckland"]
[Date "2016.07.12"]
[Round "4.5"]
[White "Hair, Philip I"]
[Black "Song, Kate"]
[Result "1/2-1/2"]
[LiveChessVersion "1.4.8"]
[BlackElo "1695"]
[WhiteElo "1907"]

1. e4 {[%clk 1:30:52]} e6 {[%clk 1:30:56]} 2. Qe2 {[%clk 1:30:59]} c5
{[%clk 1:31:21]} 3. g3 {[%clk 1:31:09]} Nc6 {[%clk 1:31:20]} 4. Nf3
{[%clk 1:31:32]} g6 {[%clk 1:31:11]} 5. Bg2 {[%clk 1:31:53]} Bg7 {[%clk 1:31:34]}
6. O-O {[%clk 1:32:11]} Nge7 {[%clk 1:31:16]} 7. d3 {[%clk 1:30:41]} O-O
{[%clk 1:30:29]} 8. c3 {[%clk 1:30:51]} b6 {[%clk 1:30:40]} 9. Na3
{[%clk 1:18:45]} Bb7 {[%clk 1:28:27]} 10. Nc2 {[%clk 1:15:41]} d6
{[%clk 1:27:55]} 11. d4 {[%clk 1:10:45]} a5 {[%clk 1:26:13]} 12. Rd1
{[%clk 1:11:07]} Qc7 {[%clk 1:23:23]} 13. a4 {[%clk 0:52:06]} Ba6
{[%clk 1:22:34]} 14. Qe1 {[%clk 0:51:26]} Rad8 {[%clk 1:20:06]} 15. b4
{[%clk 0:34:49]} axb4 {[%clk 1:17:35]} 16. cxb4 {[%clk 0:35:03]} Bb7
{[%clk 1:17:25]} 17. Rb1 {[%clk 0:31:30]} Ra8 {[%clk 1:13:33]} 18. bxc5
{[%clk 0:24:04]} bxc5 {[%clk 1:13:53]} 19. dxc5 {[%clk 0:22:47]} dxc5
{[%clk 1:14:13]} 20. Be3 {[%clk 0:21:58]} Rxa4 {[%clk 1:09:48]} 21. Bxc5
{[%clk 0:22:13]} Rc4 {[%clk 1:09:25]} 22. Bb6 {[%clk 0:22:27]} Qc8
{[%clk 1:09:30]} 23. Na3 {[%clk 0:22:18]} Ra4 {[%clk 1:07:25]} 24. Nb5
{[%clk 0:21:51]} Ba6 {[%clk 1:05:16]} 25. Bf1 {[%clk 0:17:32]} Ra2
{[%clk 0:55:13]} 26. Nd6 {[%clk 0:15:17]} Qa8 {[%clk 0:55:00]} 27. Qe3
{[%clk 0:09:46]} Bxf1 {[%clk 0:54:45]} 28. Rxf1 {[%clk 0:09:34]} Nc8
{[%clk 0:53:13]} 29. Nxc8 {[%clk 0:09:32]} Rxc8 {[%clk 0:53:33]} 30. Rfc1
{[%clk 0:08:11]} Ne5 {[%clk 0:51:20]} 31. Rxc8+ {[%clk 0:06:45]} Qxc8
{[%clk 0:51:43]} 32. Nxe5 {[%clk 0:06:37]} Bxe5 {[%clk 0:51:57]} 33. Bd4
{[%clk 0:06:01]} Bxd4 {[%clk 0:51:18]} 34. Qxd4 {[%clk 0:06:20]} Ra8
{[%clk 0:51:25]} 35. e5 {[%clk 0:05:39]} Qe8 {[%clk 0:49:33]} 36. Rd1
{[%clk 0:04:40]} Rc8 {[%clk 0:47:53]} 37. Qb6 {[%clk 0:03:09]} Kg7
{[%clk 0:46:29]} 1/2-1/2